Представление документа в формате RUSMARC

ПолеНазваниеЗначение
  Тип записи a
  Библиографический уровень m
001 Контрольный номер 79f2f18dbd6447969c4dffdf53249ae8
005 Дата корректировки 20251219144016.6
010 Индекс ISBN __
a ISBN 978-5-534-21090-3
b Уточнения в пер.
d Цена 1741-60
100 Данные общей обработки __
a Данные общей обработки 20250717d2025 ek 0rusy028902 ca
101 Язык документа 0_
a Язык текста rus
102 Страна публикации __
a Страна публикации RU
105 Кодированные данные (монография) __
a Кодированные данные (монография) y j 000yy
181 Поле кодированных данных: вид содержания _0
a Код вида содержания (ISBD) i
182 Поле кодированных данных: тип средства _0
a Код типа средства (ISBD) n
200 Заглавие и сведения об ответственности 1_
a Заглавие Актуальные вопросы истории России начала XX века
e Сведения, относящиеся к заглавию учебное пособие для вузов
f Первые сведения об ответственности Е. А. Соловьев, В. В. Блохин, Л. А. Новикова
g Последующие сведения об ответственности под редакцией В. М. Козьменко
203 Вид содержания и тип средства __
a Вид содержания Текст
c Тип средства непосредственный
205 Сведения об издании __
a Основные сведения об издании 2-е издание, стереотипное
210 Выходные данные 1_
a Место издания Москва
c Издательство Юрайт
d Дата издания 2025
215 Физическое описание __
a Объем 150, [1] с.
d Формат 21 см
225 Серия 2_
a Серия Высшее образование
300 Общие примечания __
a Общие примечания Содержит ссылку по QR-коду на курс с практическими заданиями и дополнительными материалами на образовательной платформе "Юрайт", а также в мобильном приложении "Юрайт.Библиотека"
320 Библиография __
a Библиография Библиография в конце книги
330 Аннотация __
a Аннотация Авторы предлагают краткий курс, отражающий небольшой период отечественной истории рубежа XIX—XX вв. В курсе раскрываются ключевые проблемы истории России. Курс снабжен методическим аппаратом, включающим перечень основных понятий и список профессиональной исторической литературы, которая может быть использована для дальнейшей проработки обозначенных тем. Авторы намеренно стремились опираться на последние исследования. Для студентов образовательных учреждений высшего образования.
600 Персоналии _1
2 Код системы nlr_sh
a Персоналии (Фамилия) Витте
b Персоналии (Имя) С. Ю.
g Полное имя Сергей Юльевич
f Даты 1849-1915
606 Тематические рубрики __
a Основная рубрика История
2 Код системы nlr_sh
606 Тематические рубрики __
a Основная рубрика Россия в XVIII в. - 1917 г.
z Хронологическая подрубрика 20 в. нач.
y Географическая подрубрика Россия
y Географическая подрубрика Российская империя
610 Ключевые слова 0_
a Ключевые слова история России
610 Ключевые слова 0_
a Ключевые слова экономические реформы
610 Ключевые слова 0_
a Ключевые слова революции
610 Ключевые слова 0_
a Ключевые слова Февральская революция
610 Ключевые слова 0_
a Ключевые слова Октябрьская революция
610 Ключевые слова 0_
a Ключевые слова национальная политика
610 Ключевые слова 0_
a Ключевые слова политические конфликты
610 Ключевые слова 0_
a Ключевые слова экономические кризисы
610 Ключевые слова 0_
a Ключевые слова многопартийность
610 Ключевые слова 0_
a Ключевые слова российская интеллигенция
686 Индексы других классификаций __
2 Код системы rubbks
a Классификационный индекс 63.3(2)53я73
700 Автор _1
a Фамилия Соловьев
b Имя Е. А.
g Полное личное имя Евгений Алексеевич
4 Код отношения 070
f Даты 1952-
701 Альтернативная интеллектуальная ответственность _1
a Фамилия Блохин
b Имя В. В.
f Даты 1960-
g Полное личное имя Владимир Владимирович
4 Код отношения 070
701 Альтернативная интеллектуальная ответственность _1
a Фамилия Новикова
b Имя Л. А.
g Полное личное имя Людмила Александровна
4 Код отношения 070
702 Вторичная интеллектуальная ответственность _1
a Фамилия Козьменко
b Имя В. М.
g Полное личное имя Владимир Матвеевич
4 Код отношения 340
801 Источник записи _0
a Страна RU
b Организация Муниципальное бюджетное учреждение культуры "Централизованная библиотечная система" г. Сургут (Центральная городская библиотека им. А. С. Пушкина)
c Дата составления 20250717
g Правила каталогизации PSBO
801 Источник записи _1
a Страна RU
b Организация Муниципальное бюджетное учреждение культуры "Централизованная библиотечная система" г. Сургут (Центральная городская библиотека им. А. С. Пушкина)
c Дата составления 20180208
g Правила каталогизации PSBO
852 Данные о местонахождении __
j Шифр хранения 63.3(2)53я73
i Авторский знак С 60
900 Макрообъекты __
a Макрообъекты Актуальные вопросы истории России начала XX века. Соловьев, Е. А., 2025
901 Тип документа __
t Тип документа m
a Ответственный КиК/Котельникова
903 Характеристики (МАРС) __
a Дата передачи 20250717
c Наименование библиотеки (МАРС) Муниципальное бюджетное учреждение культуры "Централизованная библиотечная система" г. Сургут (Центральная городская библиотека им. А. С. Пушкина)
969 Тип издания __
a Тип издания учебное пособие
990 Данные о заказе (DOS) __
j Количество экземпляров (DOS) 1
t N записи в КСУ для И/У (DOS) 202507